[Event "Hersonissos op 3rd"]
[Site "Hersonissos"]
[Date "2019.05.20"]
[Round "6"]
[White "Kozyris, Ilias"]
[Black "Breedveld, Andre"]
[Result "1-0"]
[WhiteElo "1708"]
[BlackElo "1987"]
[PlyCount "75"]
[EventDate "2019.05.15"]
[EventType "swiss"]
[EventRounds "9"]
[EventCountry "GRE"]
[SourceTitle "CBM 190 Extra"]
[Source "ChessBase"]
[SourceDate "2019.07.15"]
[SourceVersion "1"]
[SourceVersionDate "2019.07.15"]
[SourceQuality "1"]

1. e4 c5 2. Nf3 e6 3. d4 cxd4 4. Nxd4 a6 5. c4 Nf6 6. Nc3 Qc7 7. Be2 d6 8. 0-0 Nbd7 9. b3 Be7 10. Bb2 b6 11. f4 Bb7 12. Bf3 h6 13. f5 exf5 14. Nxf5 Bf8 15. Nd5 Bxd5 16. exd5 Ne5 17. Re1 Nfd7 18. Bg4 g6 19. Nd4 Bg7 20. Nc6 f6 21. Bxd7+ Qxd7 22. Bxe5 dxe5 23. Qd4 Qc7 24. Qg4 Qf7 25. Rad1 0-0 26. d6 f5 27. Qe2 Qe6 28. Nxe5 Rad8 29. Nc6 Qxe2 30. Rxe2 Rd7 31. Re6 Rf6 32. Rxf6 Bxf6 33. Nb8 Rd8 34. Nxa6 Ra8 35. Nb4 Kf7 36. d7 Ke6 37. Nc6 Bd8 38. Nxd8+ 1-0

[Event "Arber op 4th"]
[Site "Bayerisch Eisenstein"]
[Date "2015.08.02"]
[Round "2"]
[White "Breedveld, Andre"]
[Black "Simacek, Vaclav"]
[Result "0-1"]
[WhiteElo "2126"]
[BlackElo "1806"]
[PlyCount "54"]
[EventDate "2015.08.01"]
[EventType "swiss"]
[EventRounds "9"]
[EventCountry "GER"]
[SourceTitle "EXT 2016"]
[Source "ChessBase"]
[SourceDate "2015.10.08"]
[SourceVersion "1"]
[SourceVersionDate "2015.10.08"]
[SourceQuality "1"]

1. c4 e5 2. b3 Bc5 3. Bb2 d6 4. e3 Bf5 5. Nc3 Nf6 6. d3 Nc6 7. a3 0-0 8. b4 Bb6 9. g3 a6 10. Bg2 Ng4 11. Nd5 Ba7 12. h3 Nf6 13. g4 Bg6 14. b5 Nxd5 15. Bxd5 axb5 16. cxb5 Na5 17. h4 c6 18. bxc6 bxc6 19. Ba2 h6 20. h5 Bh7 21. Nf3 Nb7 22. Nh4 Nc5 23. Nf5 Bxf5 24. gxf5 Qg5 25. f4 Na4 26. Qxa4 Qg3+ 27. Kf1 Bxe3 0-1

[Event "Latschach op 30th"]
[Site "Latschach"]
[Date "2014.08.16"]
[Round "9"]
[White "Menezes, Christoph"]
[Black "Breedveld, Andre"]
[Result "1-0"]
[WhiteElo "2287"]
[BlackElo "2101"]
[PlyCount "87"]
[EventDate "2014.08.09"]
[EventType "swiss"]
[EventRounds "9"]
[EventCountry "AUT"]
[SourceTitle "CBM 161 Extra"]
[Source "ChessBase"]
[SourceDate "2014.08.29"]
[SourceVersion "1"]
[SourceVersionDate "2014.08.29"]
[SourceQuality "1"]

1. d4 d5 2. c4 e6 3. Nf3 Nf6 4. g3 Bb4+ 5. Bd2 Be7 6. Bg2 c6 7. Qc2 Nbd7 8. 0-0 0-0 9. Rd1 a5 10. b3 b6 11. Bc3 Ne4 12. Ne5 Nxe5 13. Bxe4 Ng6 14. Bd3 f5 15. e3 Ba6 16. a4 Nh8 17. Bb2 Nf7 18. Nd2 Ng5 19. h4 Nf7 20. Nf3 Ra7 21. Rac1 Bd6 22. cxd5 Bxd3 23. Qxd3 cxd5 24. Qb5 Qb8 25. Rc6 Rb7 26. Rdc1 Re8 27. Kg2 g6 28. Ne1 Bf8 29. Nd3 Nd6 30. Qa6 Ra7 31. Qxb6 Rb7 32. Qxa5 Rxb3 33. Bc3 Nc4 34. Qa6 Ba3 35. Rc2 Qa8 36. Qxa8 Rxa8 37. Rxe6 Rxa4 38. Nc5 Bxc5 39. dxc5 Raa3 40. Bd4 Kf7 41. Rf6+ Ke7 42. h5 Rd3 43. hxg6 Rxd4 44. gxh7 1-0

[Event "Latschach op 30th"]
[Site "Latschach"]
[Date "2014.08.14"]
[Round "7"]
[White "Schulz Knappe, Florian"]
[Black "Breedveld, Andre"]
[Result "0-1"]
[WhiteElo "2147"]
[BlackElo "2101"]
[PlyCount "80"]
[EventDate "2014.08.09"]
[EventType "swiss"]
[EventRounds "9"]
[EventCountry "AUT"]
[SourceTitle "CBM 161 Extra"]
[Source "ChessBase"]
[SourceDate "2014.08.29"]
[SourceVersion "1"]
[SourceVersionDate "2014.08.29"]
[SourceQuality "1"]

1. d4 d5 2. Nf3 Nf6 3. c4 e6 4. Nc3 Nbd7 5. e3 Be7 6. Bd3 dxc4 7. Bxc4 a6 8. 0-0 c5 9. Qe2 b5 10. Bd3 Bb7 11. a3 0-0 12. Bc2 Qc7 13. dxc5 Bxc5 14. e4 h6 15. Be3 Ng4 16. Bxc5 Qxc5 17. Rad1 Nge5 18. Bb1 Nxf3+ 19. Qxf3 Ne5 20. Qg3 Nc4 21. b4 Qe5 22. f4 Qc7 23. a4 Qb6+ 24. Qf2 bxa4 25. Nxa4 Qxb4 26. Nc5 Bc6 27. Ba2 Na3 28. f5 Bb5 29. Rfe1 Rac8 30. Nxe6 Rc2 31. Rd4 Qb2 32. Qg3 fxe6 33. Bxe6+ Kh8 34. Qd6 Rxg2+ 35. Kh1 Rxh2+ 36. Qxh2 Qxd4 37. Qf4 Bc6 38. Kh2 Nc4 39. Bxc4 Qxc4 40. f6 Rxf6 0-1

[Event "Latschach op 29th"]
[Site "Latschach"]
[Date "2013.08.11"]
[Round "2"]
[White "Sielecki, Christof"]
[Black "Breedveld, Andre"]
[Result "1-0"]
[WhiteElo "2393"]
[BlackElo "2091"]
[PlyCount "42"]
[EventDate "2013.08.10"]
[EventType "swiss"]
[EventRounds "9"]
[EventCountry "AUT"]
[SourceTitle "CBM 155 Extra"]
[Source "ChessBase"]
[SourceDate "2013.08.26"]
[SourceVersion "1"]
[SourceVersionDate "2013.08.26"]
[SourceQuality "1"]

1. e4 c5 2. Nf3 e6 3. g3 d5 4. exd5 exd5 5. d4 Nc6 6. Bg2 Nf6 7. 0-0 cxd4 8. Nxd4 Be7 9. c4 0-0 10. Nxc6 bxc6 11. Qa4 Bg4 12. cxd5 cxd5 13. Nc3 d4 14. h3 Bxh3 15. Bxh3 dxc3 16. bxc3 Qc7 17. c4 a5 18. Bf4 Qa7 19. Rab1 Ne4 20. Qc6 Nc5 21. Rb5 f5 1-0

[Event "Bussum op 30th"]
[Site "Bussum"]
[Date "2013.05.19"]
[Round "3"]
[White "Lombaers, Peter"]
[Black "Breedveld, Andre"]
[Result "1/2-1/2"]
[WhiteElo "2228"]
[BlackElo "2083"]
[PlyCount "73"]
[EventDate "2013.05.18"]
[EventType "swiss"]
[EventRounds "7"]
[EventCountry "NED"]
[SourceTitle "CBM 154 Extra"]
[Source "ChessBase"]
[SourceDate "2013.06.25"]
[SourceVersion "2"]
[SourceVersionDate "2013.06.25"]
[SourceQuality "1"]

1. c4 e6 2. d4 d5 3. Nc3 Nf6 4. cxd5 exd5 5. Bg5 Nbd7 6. e3 c6 7. Bd3 Bd6 8. Nge2 Nf8 9. 0-0 Bxh2+ 10. Kh1 Bd6 11. f3 Ne6 12. Bh4 g5 13. Bg3 h5 14. Bxd6 Qxd6 15. e4 dxe4 16. fxe4 Nxd4 17. Nxd4 Qxd4 18. Nb5 Qe5 19. Rxf6 cxb5 20. Qf1 0-0 21. Bxb5 Kg7 22. Rf2 Be6 23. Bd3 h4 24. Qe2 Rh8 25. Qe3 h3 26. g3 f6 27. Kh2 b6 28. Raf1 Rhf8 29. Bc2 Rad8 30. Bb3 Bxb3 31. axb3 Rd4 32. Rf5 Qxe4 33. Rxg5+ Kh6 34. Qxe4 Rxe4 35. Rgf5 Kg6 36. Kxh3 Re3 37. R5f3 1/2-1/2

[Event "Latschach op 28th"]
[Site "Latschach"]
[Date "2012.08.16"]
[Round "7"]
[White "Breedveld, Andre"]
[Black "Sandhoefner, Florian"]
[Result "0-1"]
[WhiteElo "2093"]
[BlackElo "2227"]
[PlyCount "100"]
[EventDate "2012.08.11"]
[EventType "swiss"]
[EventRounds "9"]
[EventCountry "AUT"]
[SourceTitle "CBM 149 Extra"]
[Source "ChessBase"]
[SourceDate "2012.08.24"]
[SourceVersion "1"]
[SourceVersionDate "2012.08.24"]
[SourceQuality "1"]

1. c4 e5 2. g3 Nf6 3. Bg2 d5 4. cxd5 Nxd5 5. Nf3 Nc6 6. d3 Be7 7. 0-0 0-0 8. Nc3 Nb6 9. a3 Be6 10. b4 a5 11. b5 Nd4 12. Nd2 c6 13. bxc6 Nxc6 14. a4 Rc8 15. Bb2 Qd7 16. Nb5 g6 17. Nb3 Bh3 18. Bc3 Bxg2 19. Kxg2 Ra8 20. Nd2 Nd5 21. Qb3 Kh8 22. Bb2 Rad8 23. Rac1 f5 24. Rfd1 Bf6 25. Ne4 fxe4 26. dxe4 Nf4+ 27. gxf4 Qg4+ 28. Kf1 Qxf4 29. Qf3 Qxh2 30. Qg2 Qxg2+ 31. Kxg2 Kg8 32. Nc7 Rxd1 33. Rxd1 Rd8 34. Rd5 Kf7 35. Nb5 b6 36. Rd6 Rxd6 37. Nxd6+ Ke6 38. Nc4 Bd8 39. e3 Bc7 40. f3 g5 41. Ba3 Na7 42. Nd2 h5 43. Kg3 Kd7 44. Kh3 Kc6 45. Be7 b5 46. Bxg5 bxa4 47. f4 a3 48. Nb3 a2 49. f5 a4 50. Na1 Kd7 0-1

[Event "Seefeld op 19th"]
[Site "Seefeld"]
[Date "2008.09.13"]
[Round "9"]
[White "Breedveld, Andre"]
[Black "Gerhards, Walter"]
[Result "1-0"]
[WhiteElo "2122"]
[BlackElo "1982"]
[PlyCount "41"]
[EventDate "2008.09.05"]
[EventType "swiss"]
[EventRounds "9"]
[EventCountry "AUT"]
[SourceTitle "EXT 2019"]
[Source "ChessBase"]
[SourceDate "2018.10.10"]
[SourceVersion "1"]
[SourceVersionDate "2018.10.10"]
[SourceQuality "1"]

1. d4 Nf6 2. Nf3 e6 3. Bf4 c5 4. e3 Be7 5. h3 0-0 6. Nbd2 Nc6 7. c3 b6 8. Bd3 d5 9. Ne5 Bb7 10. h4 Nd7 11. Ndf3 f6 12. Ng5 fxe5 13. Bxh7+ Kh8 14. Bg6 Kg8 15. Qh5 Nf6 16. Bf7+ Rxf7 17. Qxf7+ Kh8 18. dxe5 Nh7 19. Qh5 Bxg5 20. hxg5 Qg8 21. g6 1-0

[Event "Seefeld op 19th"]
[Site "Seefeld"]
[Date "2008.09.12"]
[Round "8"]
[White "Platzgummer, Fabian"]
[Black "Breedveld, Andre"]
[Result "1-0"]
[WhiteElo "2187"]
[BlackElo "2122"]
[PlyCount "143"]
[EventDate "2008.09.05"]
[EventType "swiss"]
[EventRounds "9"]
[EventCountry "AUT"]
[SourceTitle "EXT 2019"]
[Source "ChessBase"]
[SourceDate "2018.10.10"]
[SourceVersion "1"]
[SourceVersionDate "2018.10.10"]
[SourceQuality "1"]

1. d4 Nf6 2. c4 c5 3. d5 e5 4. Nc3 d6 5. e4 Be7 6. Bd3 Nbd7 7. Nge2 h5 8. f3 h4 9. Be3 Nf8 10. Qd2 a6 11. 0-0 Ng6 12. b4 b6 13. Rab1 Bd7 14. a4 a5 15. bxc5 bxc5 16. Rb7 Bc8 17. Rb2 Kf8 18. Rfb1 Ne8 19. Nb5 Rh5 20. Rf1 Bg5 21. f4 exf4 22. Nxf4 Nxf4 23. Bxf4 Bxf4 24. Qxf4 f6 25. Be2 Rh7 26. e5 dxe5 27. Qxe5 Qe7 28. Qxe7+ Kxe7 29. Bf3 Kd8 30. d6 Ra6 31. Be4 Rh6 32. Bf5 Bxf5 33. Rxf5 Nxd6 34. Rd2 Kd7 35. Rxc5 f5 36. Rxf5 Ke7 37. Rc5 Ne8 38. Rc8 Rae6 39. Rcd8 Rhf6 40. Rxe8+ Kxe8 41. Nc7+ Ke7 42. Nxe6 Kxe6 43. Rd4 g5 44. Rd5 Rf5 45. Rb5 g4 46. g3 hxg3 47. hxg3 Rf3 48. Kg2 Rc3 49. Rc5 Rc2+ 50. Kf1 Rc3 51. Kf2 Rf3+ 52. Kg2 Rc3 53. Rxa5 Rc2+ 54. Kf1 Rxc4 55. Kf2 Re4 56. Ra8 Kf7 57. a5 Kg7 58. a6 Ra4 59. Ke3 Kf7 60. Kd3 Kg7 61. Kc3 Ra3+ 62. Kb2 Ra5 63. Kb3 Ra1 64. Kb4 Ra2 65. Kb5 Ra3 66. Rc8 Kf6 67. Rc4 Kf5 68. Ra4 Rxa4 69. Kxa4 Ke4 70. a7 Kf3 71. a8Q+ Kxg3 72. Qe4 1-0

[Event "Seefeld op 18th"]
[Site "Seefeld"]
[Date "2007.09.07"]
[Round "7"]
[White "Mertens, Klaus"]
[Black "Breedveld, Andre"]
[Result "1-0"]
[WhiteElo "2090"]
[BlackElo "2151"]
[PlyCount "119"]
[EventDate "2007.09.01"]
[EventType "swiss"]
[EventRounds "9"]
[EventCountry "AUT"]
[SourceTitle "EXT 2009"]
[Source "ChessBase"]
[SourceDate "2008.11.26"]
[SourceVersion "1"]
[SourceVersionDate "2008.11.26"]
[SourceQuality "1"]

1. Nf3 Nf6 2. g3 c5 3. Bg2 e6 4. 0-0 b6 5. c4 Bb7 6. Nc3 d6 7. e3 Nbd7 8. b3 a6 9. Bb2 Qc7 10. Qe2 Be7 11. d4 0-0 12. Rfd1 Rfe8 13. Rd2 Bf8 14. Rad1 Rad8 15. Qf1 Qb8 16. Ne1 cxd4 17. Rxd4 e5 18. R4d2 e4 19. Nd5 Bxd5 20. cxd5 b5 21. f3 exf3 22. Qxf3 Ne5 23. Qf4 Nh5 24. Qh4 g6 25. Nd3 Be7 26. Qh3 Nxd3 27. Rxd3 Bg5 28. g4 Nf6 29. Qg3 Ne4 30. Bxe4 Rxe4 31. Bd4 Qb7 32. Bb2 Qe7 33. Bd4 Re8 34. Rf1 Qb7 35. Qf3 R8e7 36. Rfd1 Re8 37. Rf1 Qe7 38. Kf2 Rc8 39. Rfd1 Rc2+ 40. R1d2 Bh4+ 41. Ke2 Rc8 42. Rd1 Rf8 43. Rg1 Bg5 44. Rc1 f5 45. gxf5 Rh4 46. h3 Rxf5 47. Rc8+ Kf7 48. Qg3 Bf4 49. Qg2 Rg5 50. Qf1 Rf5 51. Qg2 b4 52. Bb6 Qg5 53. Rc7+ Kf6 54. Qxg5+ Bxg5 55. Bd4+ Rxd4 56. Rxd4 Re5 57. e4 h5 58. Rxb4 Bf4 59. Kf3 Bd2 60. Rb6 1-0

[Event "Seefeld op 18th"]
[Site "Seefeld"]
[Date "2007.09.01"]
[Round "1"]
[White "Straesser, Gerda"]
[Black "Breedveld, Andre"]
[Result "0-1"]
[WhiteElo "1828"]
[BlackElo "2151"]
[PlyCount "70"]
[EventDate "2007.09.01"]
[EventType "swiss"]
[EventRounds "9"]
[EventCountry "AUT"]
[SourceTitle "EXT 2009"]
[Source "ChessBase"]
[SourceDate "2008.11.26"]
[SourceVersion "1"]
[SourceVersionDate "2008.11.26"]
[SourceQuality "1"]

1. e4 c5 2. Nf3 e6 3. d4 cxd4 4. Nxd4 a6 5. a3 Nf6 6. Nc3 Qc7 7. Be2 d6 8. Be3 Nbd7 9. 0-0 Be7 10. Qd2 Ne5 11. f3 0-0 12. Rac1 Nc4 13. Bxc4 Qxc4 14. Rfd1 Rd8 15. Kh1 b5 16. Qf2 Rb8 17. Nde2 Qc7 18. Ba7 Rb7 19. Be3 Bd7 20. Bf4 a5 21. g4 b4 22. axb4 axb4 23. Nb1 e5 24. Be3 Be6 25. Nd2 d5 26. g5 d4 27. Bxd4 exd4 28. gxf6 Bxf6 29. Nf1 Qb6 30. Nf4 Bg5 31. Qg3 Bh6 32. h4 Qc7 33. Nxe6 fxe6 34. Qxc7 Rxc7 35. Nd2 Rdc8 0-1

[Event "Corus reserve op"]
[Site "Wijk aan Zee"]
[Date "2001.01.17"]
[Round "2"]
[White "Breedveld, Andre"]
[Black "Markus, John Raymond"]
[Result "0-1"]
[WhiteElo "2119"]
[BlackElo "2225"]
[PlyCount "80"]
[EventDate "2001.01.13"]
[EventType "swiss"]
[EventRounds "9"]
[EventCountry "NED"]
[SourceTitle "CBM 080 Extra"]
[Source "ChessBase"]
[SourceDate "2001.03.08"]
[SourceVersion "1"]
[SourceVersionDate "2001.03.08"]
[SourceQuality "1"]

1. d4 Nf6 2. c4 c5 3. d5 b5 4. cxb5 a6 5. b6 e6 6. Nc3 Nxd5 7. Nxd5 exd5 8. Qxd5 Nc6 9. e4 Be7 10. Bc4 0-0 11. Nf3 Rb8 12. 0-0 Rxb6 13. Ng5 Qe8 14. Bf4 Nd4 15. Nh3 Bb7 16. Qh5 Bxe4 17. Qe5 Bf5 18. Rae1 Be6 19. b3 Bxc4 20. bxc4 Re6 21. Qh5 Qa8 22. Bg3 g6 23. Qd1 Bf6 24. Nf4 Rxe1 25. Rxe1 Re8 26. Nd5 Bg7 27. Bd6 Ne6 28. Qa4 Qb7 29. g3 h5 30. Qa5 Bd4 31. Bxc5 Bxc5 32. Nf6+ Kf8 33. Nxe8 Qf3 34. Qd2 Kxe8 35. Rb1 Nd4 36. Rb8+ Ke7 37. Qg5+ Kd6 38. Re8 Qd1+ 39. Kg2 Qg1+ 40. Kh3 Qf1+ 0-1

[Event "Corus reserve op"]
[Site "Wijk aan Zee"]
[Date "2001.01.16"]
[Round "1"]
[White "Lanchava, Tea"]
[Black "Breedveld, Andre"]
[Result "1-0"]
[WhiteElo "2322"]
[BlackElo "2119"]
[PlyCount "73"]
[EventDate "2001.01.13"]
[EventType "swiss"]
[EventRounds "9"]
[EventCountry "NED"]
[SourceTitle "CBM 080 Extra"]
[Source "ChessBase"]
[SourceDate "2001.03.08"]
[SourceVersion "1"]
[SourceVersionDate "2001.03.08"]
[SourceQuality "1"]

1. d4 d5 2. c4 e6 3. cxd5 exd5 4. Nc3 c6 5. Nf3 Nf6 6. Bg5 Be7 7. Qc2 g6 8. e3 Bf5 9. Bd3 Bxd3 10. Qxd3 Nbd7 11. 0-0 0-0 12. Rab1 a5 13. h3 Nh5 14. Bh6 Re8 15. Rbe1 Bf8 16. Bxf8 Nxf8 17. Ne5 f6 18. Ng4 Kg7 19. e4 dxe4 20. Rxe4 f5 21. Rxe8 Qxe8 22. Ne5 Ne6 23. Re1 Rd8 24. Nf3 Qd7 25. Qe3 Re8 26. Qe5+ Nf6 27. Re3 b5 28. a4 Ng5 29. Qc5 Rxe3 30. fxe3 Nxf3+ 31. gxf3 b4 32. Ne2 Qd5 33. Qe7+ Qf7 34. Qe5 Qd5 35. Qc7+ Kh6 36. Kf2 g5 37. Qe7 1-0

[Event "Wattens op 14th"]
[Site "Wattens"]
[Date "1999.??.??"]
[Round "2"]
[White "Breedveld, Andre"]
[Black "Berezjuk, Sergej"]
[Result "0-1"]
[WhiteElo "2115"]
[BlackElo "2350"]
[PlyCount "112"]
[EventDate "1999.??.??"]
[EventType "swiss"]
[EventRounds "9"]
[EventCountry "AUT"]
[SourceTitle "EXT 2001"]
[Source "ChessBase"]
[SourceDate "2000.11.22"]
[SourceVersion "1"]
[SourceVersionDate "2000.11.22"]
[SourceQuality "1"]

1. d4 Nf6 2. c4 e6 3. Nf3 b6 4. a3 Bb7 5. Nc3 d5 6. cxd5 Nxd5 7. Bd2 Nd7 8. Qc2 Be7 9. Nxd5 Bxd5 10. e4 Bb7 11. Bb5 c6 12. Bxc6 Rc8 13. d5 0-0 14. b4 exd5 15. exd5 Nf6 16. Qb3 Bxc6 17. dxc6 Ne4 18. Rd1 Nxd2 19. Rxd2 Qe8 20. 0-0 Qxc6 21. Rfd1 Bf6 22. Rd7 Rc7 23. Rxc7 Qxc7 24. Qa4 h6 25. g3 Qb7 26. Kg2 b5 27. Qb3 Rc8 28. Qd5 Qb8 29. Qd6 Qb7 30. Qd5 Qb6 31. Ne5 Qe6 32. Qxe6 fxe6 33. Nd7 Bb2 34. Rd3 Rc6 35. Nc5 a5 36. Kf3 Kh7 37. Ke4 Bxa3 38. Rxa3 axb4 39. Rb3 Rxc5 40. Rxb4 Kg6 41. Rb3 Kf6 42. f4 Rd5 43. g4 Rc5 44. h4 Rc4+ 45. Kf3 b4 46. Rb1 h5 47. gxh5 Kf5 48. Rg1 Rxf4+ 49. Ke3 Rxh4 50. Rxg7 Rxh5 51. Rf7+ Ke5 52. Kd3 b3 53. Rf2 Rh3+ 54. Kc4 Ke4 55. Re2+ Re3 56. Rf2 e5 0-1

[Event "Wattens op 14th"]
[Site "Wattens"]
[Date "1999.??.??"]
[Round "4"]
[White "Breedveld, Andre"]
[Black "Lawitsch, Guenther"]
[Result "0-1"]
[WhiteElo "2115"]
[BlackElo "2265"]
[PlyCount "77"]
[EventDate "1999.??.??"]
[EventType "swiss"]
[EventRounds "9"]
[EventCountry "AUT"]
[SourceTitle "EXT 2001"]
[Source "ChessBase"]
[SourceDate "2000.11.22"]
[SourceVersion "1"]
[SourceVersionDate "2000.11.22"]
[SourceQuality "1"]

1. d4 d5 2. c4 c6 3. Nc3 Nf6 4. e3 e6 5. b3 Bd6 6. Bb2 0-0 7. Nf3 Nbd7 8. Qc2 Qe7 9. 0-0-0 dxc4 10. Bxc4 b5 11. Bd3 Bb7 12. Kb1 a6 13. Ng5 h6 14. Nge4 Bb4 15. Nxf6+ Nxf6 16. Ne4 Nxe4 17. Bxe4 Rac8 18. Qe2 Bd6 19. g4 c5 20. Bxb7 Qxb7 21. dxc5 Rxc5 22. f3 Be5 23. b4 Bxb2 24. bxc5 Ba3 25. Qd3 Bxc5 26. e4 e5 27. Qd5 Qe7 28. Qd7 Qh4 29. Qd3 Bd4 30. Qe2 Qe7 31. Rd3 Rc8 32. Rc1 Rc4 33. Rb3 Qc7 34. Rxc4 bxc4 35. Rb4 c3 36. Qc4 Qd8 37. Rb7 Qe8 38. Qb3 c2+ 39. Kc1 0-1